Saskatchewan: (Record no. 10038)

MARC details
000 -LEADER
fixed length control field 00413nam a22001457a 4500
008 - FIXED-LENGTH DATA ELEMENTS--GENERAL INFORMATION
fixed length control field 240919b |||||||| |||| 00| 0 eng d
020 ## - INTERNATIONAL STANDARD BOOK NUMBER
International Standard Book Number 9780889953277
082 ## - DEWEY DECIMAL CLASSIFICATION NUMBER
Classification number 778.71 MIL
100 ## - MAIN ENTRY--PERSONAL NAME
Personal name Milne, Courtney
245 ## - TITLE STATEMENT
Title Saskatchewan:
Remainder of title the luminous landscape
260 ## - PUBLICATION, DISTRIBUTION, ETC.
Place of publication, distribution, etc. USA:
Name of publisher, distributor, etc. Red Deer Press;
Date of publication, distribution, etc. 2005.
300 ## - PHYSICAL DESCRIPTION
Extent 5 - 144 p.
Other physical details Colour Illus.
Dimensions 37 cm
500 ## - GENERAL NOTE
General note Donated by Dasho Tenzing Yonten
942 ## - Added entry Elements (Koha)
Source of classification or shelving scheme Dewey Decimal Classification
Holdings
Withdrawn status Lost status Source of classification or shelving scheme Damaged status Not for loan Collection code Home library Current library Shelving location Date acquired Source of acquisition Serial Enumeration / chronology Total Checkouts Full call number Barcode Checked out Date last seen Date last checked out Price effective from Koha item type Public note
    Dewey Decimal Classification     Main TEST RTC Library RTC Library Main opac 19/09/2024 Donation 18885 1 778.71 MIL 30019999 06/07/2026 13/04/2026 13/04/2026 19/09/2024 Main Donated by Dasho Tenzing Yonten
Royal Thimphu College || All Right Reserved